000 00677nam a2200241Ia 4500
003 OSt
005 20220918205536.0
006 a|||||r|||| 00| 0
007 ta
008 220917b |||||||| |||| 00| 0 eng d
024 _a116,953
037 _cTextual
040 _aARTS
_cARTS
_beng
041 _2eng
_aeng
082 _aV63:594.N, M4
100 _aFrankel Philip H
_9115422
245 0 _aPrelotria's praetorians
_b civil military relations in South Africa
260 _aCambridge
_bCUP
_c1984
300 _axxii,215p. fig, tables
_ccm.
650 _aHISTORY
942 _hV63:594.N, M4
_cTEXL
_2CC
999 _c240272
_d240272